header

Power, crime, and mystification (Record no. 46674)

MARC details
000 -LEADER
fixed length control field 01527nam a2200409Ia 4500
082 04 - DEWEY DECIMAL CLASSIFICATION NUMBER
Classification number 364.1/0941
100 1# - MAIN ENTRY--AUTHOR NAME
Personal name Box, Steven.
245 10 - TITLE STATEMENT
Title Power, crime, and mystification
260 ## - PUBLICATION, DISTRIBUTION, ETC. (IMPRINT)
Place of publication London ;
-- New York :
Name of publisher Tavistock Publications,
Year of publication 1983.
300 ## - PHYSICAL DESCRIPTION
Number of Pages xi, 257 p. :
Other physical details ill.
490 1# - SERIES STATEMENT
Series statement Tavistock studies in sociology
500 ## - GENERAL NOTE
General note Includes indexes.
650 #0 - SUBJECT ADDED ENTRY--TOPICAL TERM
Topical Term Corporations
Topical Term Police corruption
Topical Term Police
Topical Term Rape
Topical Term Power (Social sciences)
Topical Term Female offenders
856 40 - ELECTRONIC LOCATION AND ACCESS
Uniform Resource Identifier http://site.ebrary.com/lib/rucke/Doc?id=10061092

No items available.

© 2026 Rongo University
Contact us: librarian | system librarian | Rongo university